Т. 1: Российский Жилблаз: Роман; Избранные сочинения

Bibliografiska uppgifter
Parent link:Избранные сочинения: В 2-х т./ В. Т. Нарежный. Т. 1: Российский Жилблаз.— , 1956-
Språk:ryska
Publicerad: 1956
Ämnen:
Materialtyp: Bok
KOHA link:https://koha.lib.tpu.ru/cgi-bin/koha/opac-detail.pl?biblionumber=72111

MARC

LEADER 00000nam2a2200000 4500
001 72111
005 20231031083123.0
035 |a (RuTPU)RU\TPU\book\76874 
035 |a RU\TPU\book\76338 
090 |a 72111 
100 |a 20050105d1956 m y0rusy50 ca 
101 0 |a rus 
102 |a RU 
105 |a a z 000ay 
200 0 |a Т. 1: Российский Жилблаз  |e Роман 
210 |d 1956 
215 |a 624 с.  |c ил. 
461 1 |0 (RuTPU)RU\TPU\book\76336  |t Избранные сочинения  |o В 2-х т.  |f В. Т. Нарежный  |v Т. 1: Российский Жилблаз  |d 1956- 
610 1 |a русская литература 
610 1 |a художественная литература 
610 1 |a романы 
610 1 |a сочинения 
675 |a Р1  |v 3 
801 1 |a RU  |b 63413507  |c 20041221  |g PSBO 
801 2 |a RU  |b 63413507  |c 20050105  |g PSBO 
942 |c BK